Introduction to the Law of Torts and Consumer Protection (Record no. 1312088)

MARC details
000 -LEADER
fixed length control field 00512nam a2200193Ia 4500
005 - DATE AND TIME OF LATEST TRANSACTION
control field 20250610105528.0
008 - FIXED-LENGTH DATA ELEMENTS--GENERAL INFORMATION
fixed length control field 008 250505s9999 xx 000 0 eng d
020 ## - INTERNATIONAL STANDARD BOOK NUMBER
International Standard Book Number 9789389991192
040 ## - CATALOGING SOURCE
Language of cataloging eng
Transcribing agency ILCL
041 ## - LANGUAGE CODE
Language code of text/sound track or separate title eng
Source of code eng
084 ## - COLON CLASSIFICATION NUMBER
Classification number Z24 R0
100 ## - MAIN ENTRY--PERSONAL NAME
Personal name Singh, Avtar
245 #0 - TITLE STATEMENT
Title Introduction to the Law of Torts and Consumer Protection
250 ## - EDITION STATEMENT
Edition statement 4
260 ## - PUBLICATION, DISTRIBUTION, ETC.
Place of publication, distribution, etc. Haryana
Name of publisher, distributor, etc. Lexis Nexis
Date of publication, distribution, etc. 2020
300 ## - PHYSICAL DESCRIPTION
Extent lxx,366p.
700 ## - ADDED ENTRY--PERSONAL NAME
Personal name Kaur, Harpreet
942 ## - ADDED ENTRY ELEMENTS (KOHA)
Koha item type Textbook
Source of classification or shelving scheme
999 ## -
-- 1312088
-- 1312088
Holdings
Withdrawn status Lost status Damaged status Not for loan Home library Current library Date acquired Source of acquisition Cost, normal purchase price Inventory number Total checkouts Full call number Barcode Date due Date last seen Date last checked out Price effective from Koha item type
        Integrated Law Course library Integrated Law Course library 7-03-24 Apple Books 725.00 008 dt.03-07-2024 1 Z24 R0 IL1863248 2026-02-03 2026-01-20 2026-01-20 2025-05-06 Textbook
        Integrated Law Course library Integrated Law Course library 7-03-24 Apple Books 725.00 008 dt.03-07-2024 1 Z24 R0 IL1863249   2026-02-09 2026-01-20 2025-05-06 Textbook
        Integrated Law Course library Integrated Law Course library 7-03-24 Apple Books 725.00 008 dt.03-07-2024 2 Z24 R0 IL1863250 2026-03-24 2026-03-10 2026-03-10 2025-05-06 Textbook
        Integrated Law Course library Integrated Law Course library 7-03-24 Apple Books 725.00 008 dt.03-07-2024 1 Z24 R0 IL1863251 2026-02-03 2026-01-20 2026-01-20 2025-05-06 Textbook
        Integrated Law Course library Integrated Law Course library 7-03-24 Apple Books 725.00 008 dt.03-07-2024 4 Z24 R0 IL1863252 2026-02-16 2026-02-02 2026-02-02 2025-05-06 Textbook
        Integrated Law Course library Integrated Law Course library   Singhal Publications 725.00 2529 dt.26-06-2024 3 Z24 R0 IL1863470   2026-03-12 2026-02-18 2025-05-06 Textbook
        Integrated Law Course library Integrated Law Course library   Singhal Publications 725.00 2529 dt.26-06-2024 2 Z24 R0 IL1863471 2026-02-23 2026-02-09 2026-02-09 2025-05-06 Textbook
        Integrated Law Course library Integrated Law Course library   Singhal Publications 725.00 2529 dt.26-06-2024 1 Z24 R0 IL1863472 2026-01-26 2026-01-12 2026-01-12 2025-05-06 Textbook
        Integrated Law Course library Integrated Law Course library   Singhal Publications 725.00 2529 dt.26-06-2024 1 Z24 R0 IL1863473 2026-04-09 2026-03-10 2026-03-10 2025-05-06 Textbook
        Integrated Law Course library Integrated Law Course library   Singhal Publications 725.00 2529 dt.26-06-2024 1 Z24 R0 IL1863474 2026-01-28 2026-01-14 2026-01-14 2025-05-06 Textbook
Copyright @ Delhi University Library System